<?xml version="1.0" encoding="UTF-8"?>
<record
    xmlns:xsi="http://www.w3.org/2001/XMLSchema-instance"
    xsi:schemaLocation="http://www.loc.gov/MARC21/slim http://www.loc.gov/standards/marcxml/schema/MARC21slim.xsd"
    xmlns="http://www.loc.gov/MARC21/slim">

  <leader>01416nam a2200277 a 4500</leader>
  <controlfield tag="001">000022373</controlfield>
  <controlfield tag="005">20211119100116.0</controlfield>
  <controlfield tag="008">101006s2005    dr ao  g n    001 0 spa d</controlfield>
  <datafield tag="020" ind1=" " ind2=" ">
    <subfield code="a">9993479586</subfield>
  </datafield>
  <datafield tag="040" ind1=" " ind2=" ">
    <subfield code="a">DO-SdBNP</subfield>
    <subfield code="b">spa</subfield>
    <subfield code="c">BNPHU</subfield>
  </datafield>
  <datafield tag="082" ind1=" " ind2=" ">
    <subfield code="a">972.9368</subfield>
    <subfield code="b">C345y, 2005</subfield>
  </datafield>
  <datafield tag="100" ind1="1" ind2=" ">
    <subfield code="a">Cass&#xF3;, Antonio de Jes&#xFA;s,</subfield>
    <subfield code="d">1928-</subfield>
    <subfield code="9">27238</subfield>
  </datafield>
  <datafield tag="245" ind1="1" ind2="0">
    <subfield code="a">Yuna y Pueblo Viejo /</subfield>
    <subfield code="c">Antonio Cass&#xF3; ; pr&#xF3;logo Julio Tejeda.</subfield>
  </datafield>
  <datafield tag="260" ind1=" " ind2=" ">
    <subfield code="a">Santo Domingo :</subfield>
    <subfield code="b">B&#xFA;ho,</subfield>
    <subfield code="c">2005.</subfield>
  </datafield>
  <datafield tag="300" ind1=" " ind2=" ">
    <subfield code="a">201 p. :</subfield>
    <subfield code="b">il., retrs. ;</subfield>
    <subfield code="c">23 cm.</subfield>
  </datafield>
  <datafield tag="500" ind1=" " ind2=" ">
    <subfield code="a">Incluye datos biogr&#xE1;ficos del autor en la solapa de la cubierta.</subfield>
  </datafield>
  <datafield tag="505" ind1="0" ind2=" ">
    <subfield code="a">Pr&#xF3;logo de la segunda edici&#xF3;n /</subfield>
    <subfield code="r">Julio Tejeda --</subfield>
    <subfield code="t">Yuna y Pueblo Viejo --</subfield>
    <subfield code="t">Canto al Yuna --</subfield>
    <subfield code="t">Los primeros recuerdos --</subfield>
    <subfield code="t">D&#xE9;cada de los a&#xF1;os 1940 --</subfield>
    <subfield code="t">La d&#xE9;cada del 1950 --</subfield>
    <subfield code="t">Casos m&#xE9;dicos --</subfield>
    <subfield code="t">La d&#xE9;cada de 1960 --</subfield>
    <subfield code="t">La d&#xE9;cada de 1970 --</subfield>
    <subfield code="t">De las d&#xE9;cadas de los a&#xF1;os 1980 y 1990 --</subfield>
    <subfield code="t">Aspiraci&#xF3;n m&#xE1;xima.</subfield>
  </datafield>
  <datafield tag="650" ind1=" " ind2="4">
    <subfield code="a">Ciudades y pueblos</subfield>
    <subfield code="x">Historia</subfield>
    <subfield code="z">Rep&#xFA;blica Dominicana</subfield>
    <subfield code="9">12424</subfield>
  </datafield>
  <datafield tag="651" ind1=" " ind2="4">
    <subfield code="a">S&#xE1;nchez Ram&#xED;rez (Rep&#xFA;blica Dominicana{Rpara}</subfield>
    <subfield code="x">Vida Social Y Costumbres</subfield>
    <subfield code="9">44121</subfield>
  </datafield>
  <datafield tag="651" ind1=" " ind2="0">
    <subfield code="a">Cotu&#xED; (Rep&#xFA;blica Dominicana)</subfield>
    <subfield code="9">8423</subfield>
  </datafield>
  <datafield tag="651" ind1=" " ind2="4">
    <subfield code="a">S&#xE1;nchez Ram&#xED;rez (Rep&#xFA;blica Dominicana{Rpara}</subfield>
    <subfield code="x">Historia Local</subfield>
    <subfield code="9">44120</subfield>
  </datafield>
  <datafield tag="651" ind1=" " ind2="4">
    <subfield code="a">Rep&#xFA;blica Dominicana</subfield>
    <subfield code="x">Historia</subfield>
    <subfield code="x">An&#xE9;cdotas, Chistes, S&#xE1;tiras, Etc.</subfield>
    <subfield code="9">44122</subfield>
  </datafield>
  <datafield tag="700" ind1="1" ind2=" ">
    <subfield code="a">Tejeda, Julio,</subfield>
    <subfield code="e">pr&#xF3;l.</subfield>
    <subfield code="9">44123</subfield>
  </datafield>
  <datafield tag="910" ind1=" " ind2=" ">
    <subfield code="a">Validado. Control de calidad EMS</subfield>
  </datafield>
  <datafield tag="049" ind1=" " ind2=" ">
    <subfield code="a">BNPD</subfield>
  </datafield>
  <datafield tag="952" ind1=" " ind2=" ">
    <subfield code="0">0</subfield>
    <subfield code="1">0</subfield>
    <subfield code="5">4</subfield>
    <subfield code="7">0</subfield>
    <subfield code="8">DS</subfield>
    <subfield code="a">GR</subfield>
    <subfield code="b">GR</subfield>
    <subfield code="c">HD</subfield>
    <subfield code="d">2010-11-26</subfield>
    <subfield code="i">LF1</subfield>
    <subfield code="l">0</subfield>
    <subfield code="o">972.9368 C345y, 2005</subfield>
    <subfield code="p">22373-30</subfield>
    <subfield code="r">2020-06-25</subfield>
    <subfield code="t">e. 3</subfield>
    <subfield code="w">2020-06-25</subfield>
    <subfield code="y">LFDS</subfield>
    <subfield code="Z">Pr&#xE9;stamo en sala</subfield>
  </datafield>
  <datafield tag="952" ind1=" " ind2=" ">
    <subfield code="0">0</subfield>
    <subfield code="1">0</subfield>
    <subfield code="7">1</subfield>
    <subfield code="8">PD</subfield>
    <subfield code="a">PD</subfield>
    <subfield code="b">PD</subfield>
    <subfield code="c">HD</subfield>
    <subfield code="d">2010-10-06</subfield>
    <subfield code="i">LF1</subfield>
    <subfield code="l">0</subfield>
    <subfield code="o">972.9368 C345y, 2005</subfield>
    <subfield code="p">22373-10</subfield>
    <subfield code="r">2020-06-25</subfield>
    <subfield code="w">2020-06-25</subfield>
    <subfield code="y">LFPD</subfield>
    <subfield code="Z">No se presta</subfield>
  </datafield>
  <datafield tag="952" ind1=" " ind2=" ">
    <subfield code="0">0</subfield>
    <subfield code="1">0</subfield>
    <subfield code="7">1</subfield>
    <subfield code="8">PD</subfield>
    <subfield code="a">PD</subfield>
    <subfield code="b">PD</subfield>
    <subfield code="c">HD</subfield>
    <subfield code="d">2010-11-26</subfield>
    <subfield code="i">LF1</subfield>
    <subfield code="l">0</subfield>
    <subfield code="o">972.9368 C345y, 2005</subfield>
    <subfield code="p">22373-20</subfield>
    <subfield code="r">2020-06-25</subfield>
    <subfield code="t">e. 2</subfield>
    <subfield code="w">2020-06-25</subfield>
    <subfield code="y">LFPD</subfield>
    <subfield code="Z">No se presta</subfield>
  </datafield>
  <datafield tag="999" ind1=" " ind2=" ">
    <subfield code="c">21871</subfield>
    <subfield code="d">21871</subfield>
  </datafield>
</record>
